Quiz About Christianity - Statistics

General Stats
  • This quiz has been taken 571 times
  • The average score is 12 of 15
Answer Stats
Hint Answer % Correct
Name one part of the Holy Trinity The Father | Father | Son | The Son | The Holy Spirit | Holy Spirit
99%
Who was the central figure in the New Testament? Jesus Christ | Jesus
94%
Is there sin in Heaven? No | no way | nope
94%
How many Apostles did Jesus have? 12 | Twelve
93%
What’s the Holy Book? Bible
93%
What is the first or last book in the Bible? Genesis | Revelation
90%
Name one of the Four Gospels Matthew | Mark | Luke | John
90%
What is the Holy Building? Church
88%
Where does the Pope stays? Italy | Vatican City
88%
Who founded the Lutheran Religion? Martin Luther
85%
Who tempted Jesus in the desert? Satan
79%
Series of wars against Muslims Crusades
77%
Who sent Jesus to die on the Cross? Pontius Pilate | Pilate
64%
What is one thing needed for salvation? Baptism | Being baptized | Faith
62%
How many books are in the Catholic Bible? 73 | Seventy Three
54%
No matching quizzes found
Score Distribution
Percent of People with Each Score
Percentile by Number Answered
Your Score History
You have not taken this quiz